My Sleep Diary: (Record no. 188329)

MARC details
000 -LEADER
fixed length control field 00616nam a22001817a 4500
005 - DATE AND TIME OF LATEST TRANSACTION
control field 20220518173819.0
010 ## - LCCN (DPL NO)
LC control number ENG-132677
020 ## - INTERNATIONAL STANDARD BOOK NUMBER
International Standard Book Number 9789389624632
Terms of availability 250.00
035 ## - SYSTEM CONTROL NUMBER
System control number EN-116209
037 ## - SOURCE OF ACQUISITION
Source of stock number/acquisition DBAD/PUB
082 ## - DEWEY DECIMAL CLASSIFICATION NUMBER
Classification number 887
100 ## - MAIN ENTRY--PERSONAL NAME
Personal name Datta, Karuna Mathur
245 ## - TITLE STATEMENT
Title My Sleep Diary:
Remainder of title Reflections Within and beyond/
Statement of responsibility, etc Karuna Mathur Datta
260 ## - PUBLICATION, DISTRIBUTION, ETC. (IMPRINT)
Place of publication, distribution, etc Pune
Name of publisher, distributor, etc Vishwakarma Publications
Date of publication, distribution, etc 2020
270 ## - ADDRESS
Address 34A/1, Suyog Center, 7th Floor, Gultekadi Marketyard Road, Giridhar Bhavan Chowk
City Pune
Electronic mail address info@vpindia.co.in
Postal code 411037
300 ## - PHYSICAL DESCRIPTION
Extent 104p.
Dimensions 22cm(hbk)
942 ## - ADDED ENTRY ELEMENTS (KOHA)
Source of classification or shelving scheme Dewey Decimal Classification
Item type English Books
Classification part 887
Call number suffix DAT
Holdings
Withdrawn status Lost status Not for loan Collection code Home library Current library Date acquired Source of acquisition Cost, normal purchase price Full call number Barcode Copy number Cost, replacement price Koha item type
      Non-fiction Patel Nagar Patel Nagar 18/05/2022 DBAD/PUB 250.00 887 DAT EN-116209 1 250.00 English Books

© Delhi Public Library
Hit Counter
free hit counter